Cuaderno / 1989. Godofredo Iommi.
Saved in:
| Main Author: | |
|---|---|
| Format: | Book |
| Language: | Spanish |
| Published: |
Viña del Mar, Chile:
Godofredo Iommi Amunátegui,
2017
|
| Edition: | Edición no comercial |
| Subjects: | |
| Tags: |
Add Tag
No Tags, Be the first to tag this record!
|
MARC
| LEADER | 00000cam a2200000 a 4500 | ||
|---|---|---|---|
| 001 | UCC2608 | ||
| 003 | CL-VaPUC | ||
| 005 | 20230531074422.0 | ||
| 008 | 180309e20171200cl |||||||||||||||||spa|d | ||
| 999 | |c 370662 |d 370660 | ||
| 040 | |c Pontificia Universidad Católica de Valparaíso | ||
| 082 | 0 | 4 | |a Ch861 IOM 2017 |2 21 |
| 100 | |a Iommi Marini, Godofredo Tito |e autor |9 857986 | ||
| 245 | 1 | 0 | |a Cuaderno / 1989. |b Godofredo Iommi. |
| 250 | |a Edición no comercial | ||
| 260 | |a Viña del Mar, Chile: |b Godofredo Iommi Amunátegui, |c 2017 | ||
| 300 | |a 34 páginas | ||
| 500 | |a c.2 Donación Profesora Consuelo Rodríguez De Tezanos. Memo ART 02/2022. 05/04/2022 | ||
| 583 | |a last modification |c 20180309 22:06:00 |k Rodrigo Vera | ||
| 650 | 0 | |a Poesías chilenas |9 265280 | |
| 650 | 0 | |a Literatura chilena |9 308278 | |
| 852 | |a BIBCUR | ||
| 942 | |c BK |2 ddc | ||
| 945 | |d 20180309 22:06:00 |a arojas | ||
| 952 | |0 0 |1 0 |3 erb |4 0 |6 CH_861_000000000000000_IOM_2017 |7 0 |8 R |9 487235 |a BIBARQ |b BIBARQ |i 545381K |o Ch861 IOM 2017 |p 545381K |r 2025-01-20 |w 2019-11-24 |y BK_R |z Catalogado en:20180309 |k ARQ | ||
| 952 | |0 0 |1 0 |2 ddc |4 0 |6 CH_861_000000000000000_IOM_2017 |7 0 |8 A |9 582860 |a BIBART |b BIBART |d 2022-05-03 |e Donación |i 5650954 |o Ch861 IOM 2017 |p 5650954 |r 2025-03-13 |t 2 |w 2022-05-03 |y BK |k ART | ||